| 000 | 00623nam a22001815i 4500 | ||
|---|---|---|---|
| 001 | 48510 | ||
| 003 | ES-MaACL | ||
| 005 | 20230906161750.0 | ||
| 007 | t| | ||
| 008 | 950724b1871 sp ||||1| spa d | ||
| 080 | _a821.134.2-14"18" | ||
| 100 | 1 |
_aDelgado López, Dámaso. _943462 |
|
| 245 | 1 | 0 |
_aCanto filial _b: dedicado a la memoria de mi idolatrada madre la Sra. Doña Antonia López de Delgado Toledano / _cpor Dámaso Delgado López. |
| 260 |
_aCórdoba : _b[s.n.], _c1871 ( _fImp. y Lit. del Diario de Córdoba) |
||
| 300 |
_a20 p. ; _c21 cm. |
||
| 597 | _aTexto orlado en negro. | ||
| 852 |
_aES-MaACL _jT-208-F-11 |
||
| 999 |
_c48510 _d48510 |
||